10 simple secrets of the world's greatest business communicators

Bibliographic Details
Main Author: Gallo, Carmine
Format: Book
Published: Naperville : Sourcebooks, Inc. , 2006
Subjects:

MARC

LEADER 00000cam a2200000 7i4500
001 0000028093
005 20091112.0
008 091112
020 |a 1402206968 
090 0 0 |a 658.45   |b GAL 
100 1 |a Gallo, Carmine 
245 1 0 |a 10 simple secrets of the world's greatest business communicators   |c Carmine Gallo 
246 1 |a Ten simple secrets of the world's greatest business communicators 
260 |a Naperville :   |b Sourcebooks, Inc. ,   |c 2006 
650 0 |a Business communication 
650 0 |a Communication in management 
650 0 |a Leadership 
999 |a 0001060736   |b Book   |c Adult Collection   |e Perbadanan Perpustakaan Awam Johor 
999 |a 0001060737   |b Book   |c Adult Collection   |e Perbadanan Perpustakaan Awam Johor